| 000 | 01004cab a2200265 4500 | ||
|---|---|---|---|
| 001 | ABS56995 | ||
| 008 | 090401t1997 xxu||||| |||| 00| 0 eng d | ||
| 035 | _a(Sirsi) u98356 | ||
| 041 | _aeng | ||
| 245 | _aWhere will London residential development land come from in the future? | ||
| 260 | _c1997 | ||
| 350 | _a0 | ||
| 490 |
_aProperty Finance & Development _v(9) April 1997, 9-12(4) |
||
| 520 | _aA summary of the London Residential Research`s (LRR) report on residential development in central and inner London. Looks at former land uses of residential developments and estimates potential office conversions, in order to help determine future availability of residential land. Includes charts. | ||
| 650 | _aFUTURE | ||
| 650 |
_aLand use _96251 |
||
| 650 | _aLONDON RESIDENTIAL RESEARCH | ||
| 650 | _aLONDON | ||
| 650 | _aOFFICE CONVERSIONS | ||
| 650 | _aRESIDENTIAL DEVELOPMENT | ||
| 650 | _aRESIDENTIAL LAND | ||
| 690 | _aHOUSING-DEVELOPMENT | ||
| 942 | _n0 | ||
| 948 | _c20/05/1997 | ||
| 999 |
_c59760 _d59760 |
||